De la argumentación
সংরক্ষণ করুন:
| প্রধান লেখক: | |
|---|---|
| বিন্যাস: | গ্রন্থ |
| ভাষা: | স্প্যানিশ |
| প্রকাশিত: |
Santiago
Bravo y Allende
1999
|
| বিষয়গুলি: | |
| ট্যাগগুলো: |
ট্যাগ যুক্ত করুন
কোনো ট্যাগ নেই, প্রথমজন হিসাবে ট্যাগ করুন!
|
MARC
| LEADER | 00000nam a2200000 a 4500 | ||
|---|---|---|---|
| 001 | UCN5985 | ||
| 003 | CL-VaPUC | ||
| 008 | 010913e19990000cl |||||||||||||||||spa|d | ||
| 082 | 0 | 4 | |a 168 |b RIV |2 21 |
| 100 | 0 | |a Rivano Fischer, Emilio |e author |9 461743 | |
| 245 | 1 | 0 | |a De la argumentación |
| 300 | |a 119 p | ||
| 942 | |c BK | ||
| 945 | |d 20010913 00:00:00 |a vberengu | ||
| 260 | |a Santiago |b Bravo y Allende |c 1999 | ||
| 650 | 0 | |a Argumentación |9 257103 | |
| 650 | 0 | |a Lingüística |9 265068 | |
| 650 | 0 | |a Análisis lingüístico |9 314711 | |
| 583 | |a last modification |c 20171005 12:26:34 |k Rodrigo Vera | ||
| 999 | |c 297081 |d 297079 | ||